02411agaaa2200301 45000010005000000030009000050050017000140070009000310080040000400400023000800410013001031000046001161300019001622400019001812450192002002460012003922500022004042600099004263000034005255080149005595110084007085201117007925380016019095460013019256500056019387000058019947000057020521523IT-RoPAU20220918181251.0d cvaizq50131s9999||||xx ||| | || ||und|| aIT-RoPAUcIT-RoPAU aITALIANO aOshima NagisagCodice regista SPICS: 3027 aCERIMONIA (LA) aGISHIKIgT1658 aCERIMONIA (LA)cProdotto da: Oshima Nagisa -- Sceneggiatura: Tamura Tsutomu Sasaki Mamoru Oshima Nagisa -- Diretto da: Oshima NagisapCERIMONIA (LA) (Rif. Codice opera principale : 21523) aGISHIKI aEdizione Standard a(GIAPPONE)bSOZOSHA FILM / Distribuzione: RAIg"1971 (1° ed.: 1983 ; Ed. Lingua Orig.: 1971)" aVHSbsonoro, col.c120 minuti a"Fotografia: Narishima Toichiro; Montaggio: Uradka Keiichi; Musica: Takemitsu Toru; Sceneggiatura: Tamura Tsutomu Sasaki Mamoru Oshima Nagisa; " a"Kawarazaki Kenzo; Nakamura Atsuo; Koyoma Akiki; Kaku Atsuko; Tsuchiya Kiyoshi" aLA MORTE DI KAZUOMI PATRIARCA DELLA ARISTOCRATICA E POTENTE FAMIGLIA SAKURADA COSTRINGE IL NIPOTE MASUO AD ORGANIZZARE LE ONORANZE FUNEBRI E AD ASSUMERE LA DIREZIONE DEL CLAN DEL QUALE PER 25 ANNI HA SUBITO I CONTRACCOLPI PUR TENTANDO DI VIVERNE ALL'ESTERNO UN TELEGRAMMA ANNUNCIA LA MORTE DEL CUGINO TERUMICHI E MASUO IN COMPAGNIA DI RITSUKO MOGLIE DEL DEFUNTO SI RECA NELL'ISOLA OVE QUELLO SI ERA AUTOESILIATO DOPO AVER ABBANDONATO LA MOGLIE NEL CORSO DEL VIAGGIO MASUO RICORDA A SE STESSO E ALLA CUGINA LE TAPPE PRINCIPALI DELLA PROPRIA STORIA: NEL 1946 LA MORTE DEL PADRE KINICHIRO SUICIDA ALL'ANNUNCIO DELLE RINUNCE FATTE DALL'IMPERATORE NEL 1952 I FUNERALI DELLA MADREKIKU NEL 1956 IL MATRIMONIO DELLO ZIO ISAMU E LA MORTE DELLA ZIA SETSUKO NEL 1961 IL PROPRIO MATRIMONIO CELEBRATO STRANAMENTE IN ASSENZA DELLA LATITANTE FIDANZARA E LA MORTE DEL CUGINO TADASHI POLIZIOTTO GIUNTI NELLA CAPANNAOVE TERUMICHI SI E' SUICIDATO I DUE CUGINI LEGGONO IL SEGUENTE TESTAMENTO:SONO L'UNICO IN GRADO DI EREDITARE LA FAMIGLIA SAKURADA QUINDI RITSUKO SI UCCIDE ACCANTO AL MORTO E MASUO RIMANE SOLO SULLA DESERTA SPIAGGIA aPAL, STEREO aITALIANO aDRAMMATICOeFILMS [VHS]xCodice MATERIA SPICS: 9960 aOshima Nagisa e(regista)gCodice regista SPICS: 3027 aTakemitsu Torue(musica)gCodice Musica SPICS: 14883